Quizzes
Events
Quiz Creation
Community
Videos
Private Events
Remove Ads
Sign In
Join for FREE
Feedback
Dark Mode
Quiz Categories
Sports
Geography
Music
Movies
Television
Just For Fun
Miscellaneous
History
Literature
Language
Science
Gaming
Entertainment
Religion
Holiday
For Kids
Quiz Lab
Recent
Popular Today
Quiz Kudos Today
Editor Picks
Curator Picks
Quizzes by...
Day
Popularity
Type
Ratings
Length
Year
Community
Subscriptions
Recent Discussions
Orange Saloon
Badges
Playlists
Quests
Create
Leaderboards
Showdown
Live 5
Trivia Bingo
Activity
Puzzle Library
Sporcle Events
Private Events
Virtual Trivia
Globe League
Become a Host
Pub Owners
SporcleCon
Opinionation
Our Games
Videos
Blog
Mobile Apps
Partnerships
Remove Ads and Go Orange
Feedback
Science
Computer
Plants
Astronomy
Chemistry
Elements
Math
Animal
Physics
Anatomy
Biology
Geology
General Science
Science
Computer
Plants
Astronomy
Chemistry
Elements
Math
Animal
Physics
Anatomy
Biology
Geology
General Science
Random Quiz
Search Sporcle
×
Quiz Lab
Quiz Lab
Science
Body
Type in answers that appear in a list
Type in answers that appear in a list
Classic
Best Score? Go Orange.
Bones or the Human Body Stats
Can you name the Bones or the Human Body?
By
MarcusG1018
10m
10 Questions
29 Plays
29 Plays
29 Plays
Comments
Comments
Give Quiz Kudos
Give Quiz Kudos
-
- Ratings
hide this ad
Replay
Link that replays current quiz
Next Quiz
Link to next quiz in quiz playlist
You Got
0%
They Got
Avg Score
75%
Avg Friend Score
Upgrade to see
Score Distribution
Jump to the score distribution portion of the page
Score
0/10
Timer
10:00
0
Plays Today
Hint
Answer
% Correct
what is the longest bone in the body?
Femur
96.6%
the collar bone is also known as what?
Clavicle
82.8%
what is the knee called?
Patella
82.8%
what are the hand/
foot bones called?
Phalanges
79.3%
what is the jaw known as?
Mandible
79.3%
The tailbone is known as what?
Coccyx
75.9%
the skull is known as what?
Cranium
72.4%
this is the only 'cage' in your body
Ribs
69%
The 7 true ribs attach on to this, what is it?
Sternum
69%
Name the three vertebrae
Cervical, Thoracic, and Lumbar
51.7%
Quiz Playlist
Details
Report
Send in Message
Add To Playlist
Classic:
Type in answers that appear in a list
Last Updated: Feb 16, 2017
Quiz Scoreboard
CHALLENGE
Sign Up to Join the Scoreboard
Show All
Scores
Hide
Comments
May contain spoilers
Recently Published
An Introduction to Baseball
by treessimontrees
Sports
5m
Movies - When Are They Set?
by FPL_Elf
Movies
5m
Popular People in 1961
by mucciniale
History
6m
More to Explore
Quiz From the Vault
Featured Blog Post
Where Did the Easter Bunny Come From?
hide this ad
You Might Also Like...
Tags
Body
Human
Today's Top Quizzes in Science
Browse Science
hide this ad
Today's Top Quizzes in Body
Browse Body
Top Contributed Quizzes in Science
1
Quick Pick: 'CI-CJ' Animals
2
Elements In Images
3
One Thing in Common: Science
4
Count to 60
5
One Thing in Common: Science III
6
Quick Pick: Radians
7
Square Numbers Scrambled (1-50)
8
One Thing in Common: Science II
9
Sporcle Puzzle Hunt: Science
10
One Thing in Common: Animals
Explore More
Trending Topics
Crossword
Kpop
Harry Potter
Anime
Marvel
Disney
NBA
The Office
Puzzle
WWE
Song
Country
Soccer
Pokémon
NFL
hide this ad
More By:
MarcusG1018
Quiz
Plays
Rating
Category
Featured
Created
Baseball Terminology
236
2.00
Sports
Feb 3, 2015
Bones or the Human Body
29
1.00
Science
Feb 3, 2015
Go to Creator's Profile
Score Distribution
Quiz Creator Spotlight
MarcusG1018
Follow
Send a Message
Quizzes Created
-
Created Quiz Play Count
-
More By This Creator
Popular Quizzes Today
1
Find the Countries of Europe - No Outlines Minefield
2
Find the US States - No Outlines Minefield
3
The Countries of the World
4
Popular People in 1961
5
US States
6
1-10 Letter E Words III
7
Find the US States
8
One Thing in Common: World Cities II
More Science Quizzes
The 3rd thing you need to know: Animals of Africa
Curator's Pick
Trending Quizzes
Risky Map Clicking: Least Populous States A-Z
1-10 Letter F Words
1-10 Letter G Words
One Thing in Common: United Kingdom
Risky Map Clicking: Next State Alphabetically
Recently Updated
Leaping Animals
pecheneg
Reality TV Shows (A-Z)
bhenderson79
Rickey Henderson's Hall of Fame Teammates
pecheneg
Champions League XIs: Arsenal
pecheneg
Quick Pick: Celebrities in WWE's Hall of Fame
aduchscher
A-Z Keypad Blitz II
pecheneg
Multiple Oscar Actors
pecheneg
Mystery Phrase Blitz: Oscar 'Best Actors'
pecheneg
F. Scott Fitzgerald Novels
LTH
Pick 3 Villains
ddd62291
Trending Topics
Crossword
Kpop
Anime
Harry Potter
NBA
Disney
Marvel
Country
NFL
The Office
Pokémon
Soccer
Puzzle
WWE
Song
Your Account Isn't Verified!
In order to create a playlist on Sporcle, you need to verify the email address you used during registration. Go to your
Sporcle Settings
to finish the process.
Report this User
Report this user for behavior that violates our
Community Guidelines
.
Details:
Send Report
Go to the Sporcle.com Mobile Site →
Comments